000 00349pab a2200157 454500
008 180718b2012 xxu||||| |||| 00| 0 eng d
100 _aVivek, S.
245 _aIndia: Urban land management in new era
260 _c2012
300 _ap.20-29.
362 _aOct-Dec
650 _aLand use
773 _aNagarlok
908 _aN
909 _a99562
999 _c99561
_d99561